000 00449nam a2200181 4500
001 25836
005 20230410132646.0
008 060907n2005 dr spa
020 _a0060731419
035 _9funglode26029
041 _aEN
050 1 4 _aPS 3558 H967t 2005
100 _aHurwitz, Gregg
245 1 _aTrouble shooter /
_cGregg Hurwitz
260 _aNew York :
_bWilliam Morrow,
_c2005
300 _a314 p.
942 _2lcc
_cbk
999 _c85472
_d85472